00230nam a22000977a 4500008004100000082001100041245004300052300001000095440001900105760000800124180730b xxu||||| |||| 00| 0 eng d a815.32 aThe art of public speakingcLucas, S.E a2fCD x`9780073265322 b9th